Statistik; untuk: Fakultas Ekonomi, Universitas Gadjah Mada, dilengkapi dengan: soal-soal latihan & udjian (Record no. 72860)

MARC details
000 -LEADER
fixed length control field 00615cam a22002051 4500
001 - CONTROL NUMBER
control field sa 67001789
003 - CONTROL NUMBER IDENTIFIER
control field DLC
005 - DATE AND TIME OF LATEST TRANSACTION
control field 20260227112325.0
008 - FIXED-LENGTH DATA ELEMENTS--GENERAL INFORMATION
fixed length control field 890414q io a 000 0 ind
010 ## - LIBRARY OF CONGRESS CONTROL NUMBER
LC control number sa 67001789
035 ## - SYSTEM CONTROL NUMBER
System control number (OCoLC)23541880
040 ## - CATALOGING SOURCE
Original cataloging agency DLC
Transcribing agency MiU
Modifying agency DLC
042 ## - AUTHENTICATION CODE
Authentication code premarc
050 00 - LIBRARY OF CONGRESS CALL NUMBER
Classification number HA29
Item number .S844
100 1# - MAIN ENTRY--PERSONAL NAME
Personal name Susanto, Heribertus.
245 10 - TITLE STATEMENT
Title Statistik; untuk: Fakultas Ekonomi, Universitas Gadjah Mada, dilengkapi dengan: soal-soal latihan & udjian
260 ## - PUBLICATION, DISTRIBUTION, ETC.
Place of publication, distribution, etc. Jogjakarta,
Name of publisher, distributor, etc. Penerbit Diktat U.G.M. "Dwitunggal"
Date of publication, distribution, etc. [19 ]
300 ## - PHYSICAL DESCRIPTION
Extent v.
Other physical details illus.
Dimensions 21 cm.
650 #0 - SUBJECT ADDED ENTRY--TOPICAL TERM
Topical term or geographic name entry element Statistics

No items available.

Powered by Koha